Christmas in other Languages - Medium - Statistics

General Stats
  • This quiz has been taken 31 times
  • The average score is 5 of 10
Answer Stats
Christmas Language % Correct
クリスマス Japanese
89%
크리스마스 Korean
89%
คริสต์มาส Thai
68%
Jól Icelandic
53%
Natal Portuguese
53%
Giáng sinh Vietnamese
47%
የገና በአል Amharic
42%
Коледа Bulgarian
42%
Krismas Malay
26%
Crăciun Romanian
21%
No matching quizzes found
Score Distribution
Percent of People with Each Score
Percentile by Number Answered
Your Score History
You have not taken this quiz